00380nam a2200133Ia 450000500170000000800410001705000210005824500960007926000220017530000280019744000060022552100070023152600080023820140403132934.0140130s9999 xx 000 0 und d aPZ 7b.D121 2007 cDadey, DebbieaThe adventures of the bailey school kids: pirates don't wear pink sunglasses bScholastic,c1994 a78 p. :bill. ;c20 cm. v1 aG4 c640